1137 1992 1011 1769 1326 1032 1617 1419 1180 1313 1807 1901 1316 1764 1310 1069 1222 1579 1179 1809 1747 1458 1285 1772 1578 1802 1850 1490 1526 1883 1372 1284 1012 1829 1210 1697 1478 1321 1032 1228 1177 1996 1731 1193 1740 1093 1027 1708 1240 1231 1174 1407 1084 1416 1821 1728 1673 1025 1210 1661 1295 1063 1132 1362 1307 1824 1522 1134 1959 1724 1193 1778 1175 1270 1022 1336 1686 1640 1169 1192 1596 1959 1246 1724 1643 1985 1899 1703 1566 1460 1905 1907 1194 1410 1549 1841 1617 1262 1891 BCNSPRNW ULIB Ver.6.0+V

เปลี่ยนเป็นภาษาไทย

Change to English
 แสดงรายละเอียดบรรณานุกรม
  กลับหน้าหลัก

Brief Record : Get Marc (ISO 2709) : E-mail record : QR code < ปิดหน้าต่าง
LEADER : 00000nam 2200000uu 4500
001    13399122661
003     ULIB
008    130821s2555||||th 000 0 tha d
020    ^a9789741112104
060 00 ^aWB115^bอ641
245 00 ^aอายุรศาสตร์ทันยุค 2552 =^bUpdate in internal medicine 2009 /^cบรรณธิการ วันชัย เดชสมฤทธิ์ฤทัย, รุ่งโรจน์ กฤตยพงษ์, อภิรดี ศรีวิจิตรกมล
246 11 ^aUpdate in internal medicine 2009
246 11 แนวทางเวชปฏิบัติ
246 14 Clinical practice guidelines
250    ^aพิมพ์ครั้งที่ 5
260    ^aกรุงเทพฯ :^bภาควิชาอายุรศาสตร์ คณะแพทยศาสตร์ศิริราชพยาบาล มหาวิทยาลัยมหิดล,^c2555
300    ^a418 หน้า :^bภาพประกอบ ;^c26 ซม.
650  4 ^aอายุรศาสตร์
650  4 ^aอายุรศาสตร์^vรวมเรื่อง
650  4 ^aการประกอบวิชาชีพเวชกรรม
650  4 ^aการวินิจฉัยโรค
650  4 ^aการรักษาโรค
653    ^aผลงานอาจารย์คณะแพทยศาสตร์ศิริราชพยาบาล
700 0  ^aวันชัย เดชสมฤทธิ์ฤทัย,^eบรรณาธิการ
700 0  ^aรุ่งโรจน์ กฤตยพงษ์,^eบรรณาธิการ
700 0  ^aอภิรดี ศรีวิจิตรกมล,^eบรรณาธิการ
710 2  ^a มหาวิทยาลัยมหิดล. ^bคณะแพทยศาสตร์สิริราชพยาบาล.^bภาควิชาอายุรศาสตร์
945    ^p300^l0^i033879
945    ^p300^l0^i033880
945    ^p300^l0^i033881
999    ^aเกษร โพธิ์สุวรรณ
รายการนี้ยังไม่มีแท็ก
คุณยังไม่ได้ล็อกอิน คุณสามารถมีกิจกรรมร่วมกับเว็บไซต์ได้ แต่ต้องล็อกอินก่อน ::
  ล็อกอิน

รายการสื่อสารสนเทศ

ลำดับที่ ประเภท เลขเรียก/บาร์โค้ด สถานที่ สถานะ
1. วิทยาศาสตร์การแพทย์ และสุขภาพ
หนังสือสำรอง
สถานะ=หนังสือสำรอง
WB115 อ641 ฉ.1 
  Barcode: 033879
ห้องสมุดวิทยาเขตสวรรค์ประชารักษ์
►ส่วนจัดเก็บหนังสือเก่า สปร
บนชั้น
  ขอยืม
2. วิทยาศาสตร์การแพทย์ และสุขภาพ
วิทยาศาสตร์การแพทย์ และสุขภาพ
WB115 อ641 ฉ.2 
  Barcode: 033880
ห้องสมุดวิทยาเขตสวรรค์ประชารักษ์
►ส่วนจัดเก็บหนังสือเก่า สปร
บนชั้น
  ขอยืม
3. วิทยาศาสตร์การแพทย์ และสุขภาพ
วิทยาศาสตร์การแพทย์ และสุขภาพ
WB115 อ641 ฉ.3 
  Barcode: 033881
ห้องสมุดวิทยาเขตสวรรค์ประชารักษ์
►ส่วนจัดเก็บหนังสือเก่า สปร
บนชั้น
  ขอยืม

รายการใกล้เคียง
    หัวเรื่อง [อายุรศาสตร์]
    หัวเรื่อง [การประกอบวิชาชีพเวชกรรม]
    หัวเรื่อง [การวินิจฉัยโรค]
    หัวเรื่อง [การรักษาโรค]

BibComment


ยังไม่เคยถูกคอมเมนท์

คอมเมนท์ทรัพยากรรายการนี้
  คอมเมนท์: อายุรศาสตร์ทันยุ..


 Copyright 2026. Bcnsprnw @Library